[Event "2023 National K-12 Grade Championships"]
[Site "Orlando, Florida, United States"]
[Date "2023.12.16"]
[Round "4.6"]
[White "Levine, Jack"]
[Black "Kaplan, Avi Harrison"]
[Result "0-1"]
[TimeControl "G/90;d10"]
[WhiteElo "2166"]
[BlackElo "2306"]

1. e4 {[%clk 01:26:47]} {[%emt 00:03:23]} c5 {[%clk 01:30:00]} {[%emt
00:00:03]} 2. Nf3 {[%clk 01:26:47]} {[%emt 00:00:03]} d6 {[%clk 01:30:00]}
{[%emt 00:00:04]} 3. Bb5+ {[%clk 01:26:47]} {[%emt 00:00:03]} Nd7 {[%clk
01:30:00]} {[%emt 00:00:03]} 4. d4 {[%clk 01:26:47]} {[%emt 00:00:09]} cxd4
{[%clk 01:30:00]} {[%emt 00:00:08]} 5. Qxd4 {[%clk 01:26:47]} {[%emt 00:00:05]}
a6 {[%clk 01:30:00]} {[%emt 00:00:10]} 6. Bxd7+ {[%clk 01:26:43]} {[%emt
00:00:14]} Bxd7 {[%clk 01:30:00]} {[%emt 00:00:09]} 7. Nc3 {[%clk 01:26:43]}
{[%emt 00:00:03]} e5 {[%clk 01:30:00]} {[%emt 00:00:06]} 8. Qd3 {[%clk
01:26:43]} {[%emt 00:00:03]} h6 {[%clk 01:30:00]} {[%emt 00:00:02]} 9. O-O
{[%clk 01:23:15]} {[%emt 00:03:37]} Rc8 {[%clk 01:29:26]} {[%emt 00:00:46]} 10.
a4 {[%clk 01:21:34]} {[%emt 00:01:50]} Nf6 {[%clk 01:28:45]} {[%emt 00:00:51]}
11. Be3 {[%clk 01:18:10]} {[%emt 00:03:33]} Be7 {[%clk 01:27:33]} {[%emt
00:01:22]} 12. Rfd1 {[%clk 01:11:05]} {[%emt 00:07:16]} O-O {[%clk 01:25:45]}
{[%emt 00:01:58]} 13. h3 {[%clk 01:09:52]} {[%emt 00:01:22]} Be6 {[%clk
01:25:38]} {[%emt 00:00:17]} 14. a5 {[%clk 01:02:26]} {[%emt 00:07:36]} Qc7
{[%clk 01:22:07]} {[%emt 00:03:39]} 15. Nd2 {[%clk 00:52:52]} {[%emt 00:09:46]}
Qc6 {[%clk 01:20:10]} {[%emt 00:02:06]} 16. Rac1 {[%clk 00:38:00]} {[%emt
00:15:03]} d5 {[%clk 01:17:10]} {[%emt 00:03:09]} 17. exd5 {[%clk 00:37:53]}
{[%emt 00:00:17]} Nxd5 {[%clk 01:17:09]} {[%emt 00:00:11]} 18. Nxd5 {[%clk
00:37:08]} {[%emt 00:00:55]} Bxd5 {[%clk 01:17:09]} {[%emt 00:00:04]} 19. Qf1
{[%clk 00:36:51]} {[%emt 00:00:27]} Qg6 {[%clk 00:54:29]} {[%emt 00:22:50]} 20.
c4 {[%clk 00:30:19]} {[%emt 00:06:43]} Bc6 {[%clk 00:54:26]} {[%emt 00:00:13]}
21. Bb6 {[%clk 00:29:30]} {[%emt 00:00:59]} Bb4 {[%clk 00:48:29]} {[%emt
00:06:06]} 22. Nb1 {[%clk 00:24:54]} {[%emt 00:04:47]} Bf3 {[%clk 00:48:28]}
{[%emt 00:00:10]} 23. Rd7 {[%clk 00:23:41]} {[%emt 00:01:23]} Bc6 {[%clk
00:38:10]} {[%emt 00:10:28]} 24. Rdd1 {[%clk 00:23:20]} {[%emt 00:00:30]} Bf3
{[%clk 00:35:33]} {[%emt 00:02:47]} 25. Rd7 {[%clk 00:23:20]} {[%emt 00:00:06]}
Rfe8 {[%clk 00:35:17]} {[%emt 00:00:26]} 26. c5 {[%clk 00:20:53]} {[%emt
00:02:37]} Re6 {[%clk 00:31:39]} {[%emt 00:03:48]} 27. Kh2 {[%clk 00:11:29]}
{[%emt 00:09:34]} Bc6 {[%clk 00:30:02]} {[%emt 00:01:47]} 28. Rd8+ {[%clk
00:11:16]} {[%emt 00:00:24]} Rxd8 {[%clk 00:29:52]} {[%emt 00:00:20]} 29. Bxd8
{[%emt 00:00:02]} Qf5 {[%clk 00:24:40]} {[%emt 00:05:21]} 30. Bb6 {[%clk
00:01:46]} {[%emt 00:09:40]} Bb5 {[%clk 00:22:34]} {[%emt 00:02:15]} 31. Qg1
{[%clk 00:01:39]} {[%emt 00:00:17]} Rf6 {[%clk 00:22:03]} {[%emt 00:00:41]} 32.
Nc3 {[%clk 00:01:21]} {[%emt 00:00:28]} Bc6 {[%clk 00:22:03]} {[%emt 00:00:05]}
33. f3 {[%clk 00:01:08]} {[%emt 00:00:22]} Rg6 {[%clk 00:21:28]} {[%emt
00:00:45]} 34. Qe3 {[%clk 00:00:48]} {[%emt 00:00:31]} e4 {[%clk 00:18:55]}
{[%emt 00:02:43]} 35. f4 {[%clk 00:00:17]} {[%emt 00:00:41]} Rf6 {[%clk
00:16:40]} {[%emt 00:02:25]} 36. Ne2 {[%clk 00:00:17]} {[%emt 00:00:02]} Qd5
{[%clk 00:16:05]} {[%emt 00:00:44]} 37. Qd4 {[%clk 00:00:17]} {[%emt 00:00:11]}
Qxd4 {[%clk 00:14:22]} {[%emt 00:01:53]} 38. Nxd4 {[%clk 00:00:17]} {[%emt
00:00:01]} Bd2 {[%clk 00:14:21]} {[%emt 00:00:10]} 39. Rd1 {[%clk 00:00:11]}
{[%emt 00:00:16]} Bxf4+ {[%clk 00:14:07]} {[%emt 00:00:23]} 40. g3 {[%clk
00:00:11]} {[%emt 00:00:02]} Be5 {[%clk 00:13:30]} {[%emt 00:00:46]} 41. Nxc6
{[%clk 00:00:11]} {[%emt 00:00:03]} bxc6 {[%clk 00:13:30]} 42. Kg2 {[%clk
00:00:11]} {[%emt 00:00:04]} Rf3 {[%clk 00:13:05]} {[%emt 00:00:35]} 43. Rd8+
{[%clk 00:00:10]} {[%emt 00:00:11]} Kh7 {[%clk 00:13:05]} {[%emt 00:00:01]} 44.
Re8 {[%clk 00:00:10]} {[%emt 00:00:05]} Rxg3+ {[%clk 00:13:01]} {[%emt
00:00:13]} 45. Kf2 {[%clk 00:00:10]} {[%emt 00:00:02]} f6 {[%clk 00:12:53]}
{[%emt 00:00:19]} 46. Rc8 {[%clk 00:00:06]} {[%emt 00:00:15]} f5 {[%clk
00:12:19]} {[%emt 00:00:45]} 47. Rxc6 {[%clk 00:00:06]} {[%emt 00:00:03]} f4
{[%clk 00:12:19]} {[%emt 00:00:02]} 48. Bc7 {[%clk 00:00:06]} {[%emt 00:00:10]}
Bd4+ {[%clk 00:12:09]} {[%emt 00:00:19]} 49. Kf1 {[%clk 00:00:06]} {[%emt
00:00:05]} Rg1+ {[%clk 00:12:09]} {[%emt 00:00:02]} 0-1

[Event "2023 National K-12 Grade Championships"]
[Site "Orlando, Florida, United States"]
[Date "2023.12.16"]
[Round "4.7"]
[White "Jin, Derek"]
[Black "Nasta, Kiren"]
[Result "1/2-1/2"]
[TimeControl "G/90;d10"]
[WhiteElo "2181"]
[BlackElo "2225"]

1. e4 {[%clk 01:30:00]} e5 {[%clk 01:24:33]} {[%emt 00:05:37]} 2. Nf3 {[%clk
01:30:00]} {[%emt 00:00:04]} Nc6 {[%clk 01:24:33]} {[%emt 00:00:05]} 3. Bc4
{[%clk 01:30:00]} {[%emt 00:00:03]} Nf6 {[%clk 01:24:33]} {[%emt 00:00:03]} 4.
d3 {[%clk 01:30:00]} {[%emt 00:00:05]} Bc5 {[%clk 01:24:33]} {[%emt 00:00:04]}
5. O-O {[%clk 01:29:58]} {[%emt 00:00:13]} d6 {[%clk 01:24:33]} {[%emt
00:00:05]} 6. c3 {[%clk 01:29:58]} {[%emt 00:00:06]} a6 {[%clk 01:24:33]}
{[%emt 00:00:07]} 7. Bb3 {[%clk 01:29:58]} {[%emt 00:00:04]} h6 {[%clk
01:24:31]} {[%emt 00:00:12]} 8. Nbd2 {[%clk 01:25:44]} {[%emt 00:04:25]} Ba7
{[%clk 01:24:04]} {[%emt 00:00:37]} 9. Re1 {[%clk 01:24:26]} {[%emt 00:01:28]}
O-O {[%clk 01:23:25]} {[%emt 00:00:48]} 10. h3 {[%clk 01:19:30]} {[%emt
00:05:06]} Re8 {[%clk 01:22:32]} {[%emt 00:01:02]} 11. Nf1 {[%clk 01:19:22]}
{[%emt 00:00:19]} Be6 {[%clk 01:20:42]} {[%emt 00:02:00]} 12. Ng3 {[%clk
01:19:16]} {[%emt 00:00:16]} d5 {[%clk 01:17:51]} {[%emt 00:03:02]} 13. exd5
{[%clk 01:18:45]} {[%emt 00:00:41]} Nxd5 {[%clk 01:17:22]} {[%emt 00:00:39]} 14.
Bc2 {[%clk 01:09:35]} {[%emt 00:09:20]} Qd6 {[%clk 01:17:13]} {[%emt 00:00:19]}
15. Nh4 {[%clk 01:06:21]} {[%emt 00:03:23]} Rad8 {[%clk 01:17:02]} {[%emt
00:00:22]} 16. Qf3 {[%clk 00:32:52]} {[%emt 00:33:39]} Qe7 {[%clk 01:03:49]}
{[%emt 00:13:23]} 17. Nhf5 {[%clk 00:27:31]} {[%emt 00:05:32]} Qf6 {[%clk
01:01:54]} {[%emt 00:02:04]} 18. d4 {[%clk 00:27:09]} {[%emt 00:00:32]} Bxf5
{[%clk 00:59:17]} {[%emt 00:02:47]} 19. Nxf5 {[%clk 00:27:09]} {[%emt
00:00:01]} Kh8 {[%clk 00:43:09]} {[%emt 00:16:18]} 20. Bb3 {[%clk 00:17:55]}
{[%emt 00:09:25]} Nf4 {[%clk 00:39:27]} {[%emt 00:03:52]} 21. Bxf4 {[%clk
00:13:58]} {[%emt 00:04:07]} Qxf5 {[%clk 00:36:44]} {[%emt 00:02:52]} 22. dxe5
{[%clk 00:10:52]} {[%emt 00:03:16]} Nxe5 {[%clk 00:31:21]} {[%emt 00:05:33]} 23.
Rxe5 {[%clk 00:10:52]} {[%emt 00:00:06]} Rxe5 {[%clk 00:31:21]} {[%emt
00:00:10]} 24. Bxe5 {[%clk 00:10:52]} {[%emt 00:00:03]} Qxe5 {[%clk 00:31:21]}
{[%emt 00:00:09]} 25. Qxf7 {[%clk 00:07:06]} {[%emt 00:03:57]} Qe2 {[%clk
00:29:29]} {[%emt 00:02:00]} 26. Rf1 {[%clk 00:06:46]} {[%emt 00:00:31]} Qe5
{[%clk 00:19:50]} {[%emt 00:09:50]} 27. Bc2 {[%clk 00:05:22]} {[%emt 00:01:33]}
Qf6 {[%clk 00:16:33]} {[%emt 00:03:27]} 28. Qxc7 {[%clk 00:04:42]} {[%emt
00:00:51]} Rd2 {[%clk 00:06:58]} {[%emt 00:09:45]} 29. Qc8+ {[%clk 00:04:42]}
{[%emt 00:00:01]} Rd8 {[%clk 00:06:23]} {[%emt 00:00:45]} 30. Qxb7 {[%clk
00:04:29]} {[%emt 00:00:24]} Bb8 {[%clk 00:05:54]} {[%emt 00:00:39]} 31. Qe4
{[%clk 00:04:29]} {[%emt 00:00:08]} g6 {[%clk 00:05:21]} {[%emt 00:00:43]} 32.
Qxg6 {[%clk 00:01:32]} {[%emt 00:03:07]} Qxg6 {[%clk 00:05:21]} {[%emt
00:00:08]} 33. Bxg6 {[%clk 00:01:32]} {[%emt 00:00:02]} Rd2 {[%clk 00:05:09]}
{[%emt 00:00:21]} 34. g3 {[%clk 00:01:15]} {[%emt 00:00:27]} Ba7 {[%clk
00:05:02]} {[%emt 00:00:17]} 35. Bf7 {[%clk 00:01:14]} {[%emt 00:00:11]} Rxb2
{[%clk 00:05:00]} {[%emt 00:00:12]} 36. Bb3 {[%clk 00:01:14]} {[%emt 00:00:02]}
Rd2 {[%clk 00:04:53]} {[%emt 00:00:15]} 37. g4 {[%clk 00:01:14]} {[%emt
00:00:11]} Rd3 {[%clk 00:04:51]} {[%emt 00:00:12]} 38. Rd1 {[%clk 00:01:14]}
{[%emt 00:00:05]} Rxd1+ {[%clk 00:04:26]} {[%emt 00:00:35]} 39. Bxd1 {[%clk
00:01:14]} {[%emt 00:00:01]} Kg7 {[%clk 00:04:25]} {[%emt 00:00:12]} 40. Kg2
{[%clk 00:01:14]} {[%emt 00:00:01]} Kf6 {[%clk 00:04:25]} {[%emt 00:00:08]} 41.
f4 {[%clk 00:01:14]} {[%emt 00:00:01]} Ke6 {[%clk 00:03:47]} {[%emt 00:00:47]}
42. Kf3 {[%clk 00:01:02]} {[%emt 00:00:23]} Kd5 {[%clk 00:03:46]} {[%emt
00:00:11]} 43. h4 {[%clk 00:01:02]} {[%emt 00:00:10]} Ke6 {[%clk 00:03:27]}
{[%emt 00:00:29]} 44. Ke4 {[%clk 00:01:01]} {[%emt 00:00:10]} Bf2 {[%clk
00:03:25]} {[%emt 00:00:12]} 45. h5 {[%clk 00:00:52]} {[%emt 00:00:19]} Bh4
{[%clk 00:03:07]} {[%emt 00:00:28]} 46. a4 {[%emt 00:00:16]} Bf6 {[%clk
00:02:56]} {[%emt 00:00:19]} 47. Be2 {[%clk 00:00:36]} {[%emt 00:00:23]} a5
{[%clk 00:02:21]} {[%emt 00:00:45]} 48. Bc4+ {[%clk 00:00:36]} {[%emt
00:00:01]} Ke7 {[%clk 00:02:14]} {[%emt 00:00:17]} 49. Kf5 {[%clk 00:00:36]}
{[%emt 00:00:08]} Bxc3 {[%clk 00:02:03]} {[%emt 00:00:21]} 50. g5 {[%clk
00:00:36]} Bd2 {[%clk 00:01:13]} {[%emt 00:01:00]} 51. gxh6 {[%clk 00:00:27]}
{[%emt 00:00:19]} Kf8 {[%clk 00:01:12]} {[%emt 00:00:11]} 52. Ke4 {[%clk
00:00:25]} {[%emt 00:00:11]} Ke7 {[%clk 00:01:12]} {[%emt 00:00:07]} 53. Kf3
{[%clk 00:00:25]} {[%emt 00:00:06]} Kf6 {[%clk 00:01:03]} {[%emt 00:00:19]} 54.
Bd3 {[%clk 00:00:25]} {[%emt 00:00:05]} Kf7 {[%clk 00:01:03]} {[%emt 00:00:08]}
55. Bh7 {[%clk 00:00:25]} {[%emt 00:00:05]} Bc1 {[%clk 00:01:03]} {[%emt
00:00:10]} 56. Ke4 {[%clk 00:00:25]} {[%emt 00:00:02]} Bd2 {[%clk 00:01:03]}
{[%emt 00:00:06]} 57. Ke5 {[%clk 00:00:15]} {[%emt 00:00:21]} Bc1 {[%clk
00:01:03]} {[%emt 00:00:05]} 58. Bg6+ {[%clk 00:00:12]} {[%emt 00:00:12]} Ke7
{[%clk 00:00:58]} {[%emt 00:00:15]} 59. h7 {[%clk 00:00:12]} {[%emt 00:00:10]}
Bb2+ {[%clk 00:00:58]} {[%emt 00:00:04]} 60. Kf5 {[%clk 00:00:12]} {[%emt
00:00:03]} Kf8 {[%clk 00:00:44]} {[%emt 00:00:24]} 61. Ke6 {[%clk 00:00:12]}
{[%emt 00:00:09]} Kg7 {[%clk 00:00:42]} {[%emt 00:00:12]} 62. Bd3 {[%clk
00:00:12]} {[%emt 00:00:07]} Bc3 {[%clk 00:00:42]} {[%emt 00:00:09]} 63. f5
{[%clk 00:00:11]} {[%emt 00:00:12]} Bd4 {[%clk 00:00:42]} {[%emt 00:00:03]} 64.
h6+ {[%clk 00:00:05]} {[%emt 00:00:16]} Kxh7 {[%clk 00:00:34]} {[%emt
00:00:18]} 65. f6+ {[%clk 00:00:05]} {[%emt 00:00:02]} Kxh6 {[%clk 00:00:25]}
{[%emt 00:00:19]} 66. Ke7 {[%clk 00:00:05]} {[%emt 00:00:05]} Bc5+ {[%clk
00:00:24]} {[%emt 00:00:12]} 67. Kf7 {[%clk 00:00:05]} {[%emt 00:00:01]} Bd4
{[%clk 00:00:24]} {[%emt 00:00:02]} 68. Ke7 {[%clk 00:00:05]} {[%emt 00:00:09]}
Bc5+ {[%clk 00:00:24]} {[%emt 00:00:02]} 69. Ke8 {[%clk 00:00:05]} {[%emt
00:00:01]} Bb4 {[%clk 00:00:24]} {[%emt 00:00:04]} 70. Be4 {[%clk 00:00:05]}
{[%emt 00:00:04]} Bc5 {[%clk 00:00:24]} {[%emt 00:00:02]} 71. Kf7 {[%clk
00:00:05]} {[%emt 00:00:03]} Bd4 {[%clk 00:00:24]} {[%emt 00:00:05]} 72. Ke6
{[%clk 00:00:05]} {[%emt 00:00:02]} Bc5 {[%clk 00:00:24]} {[%emt 00:00:04]} 73.
Bd3 {[%clk 00:00:05]} {[%emt 00:00:03]} Bb4 {[%clk 00:00:24]} {[%emt 00:00:03]}
74. Bc2 {[%clk 00:00:05]} {[%emt 00:00:04]} Ba3 {[%clk 00:00:24]} {[%emt
00:00:06]} 75. Kd7 {[%clk 00:00:05]} {[%emt 00:00:02]} Kg5 {[%clk 00:00:09]}
{[%emt 00:00:25]} 76. Ke6 {[%clk 00:00:05]} Kh6 {[%clk 00:00:09]} {[%emt
00:00:04]} 77. Kf7 {[%clk 00:00:05]} Bb2 {[%clk 00:00:09]} {[%emt 00:00:02]} 78.
Ke7 {[%clk 00:00:05]} Ba3+ {[%clk 00:00:09]} {[%emt 00:00:02]} 79. Ke8 {[%clk
00:00:05]} Bb4 {[%clk 00:00:09]} {[%emt 00:00:02]} 80. Bd3 {[%clk 00:00:05]}
Bc5 {[%clk 00:00:09]} {[%emt 00:00:01]} 81. Kf7 {[%clk 00:00:05]} Bd4 {[%clk
00:00:09]} 82. Ke6 {[%clk 00:00:05]} {[%emt 00:00:01]} Bc5 {[%clk 00:00:09]}
{[%emt 00:00:01]} 83. Bf5 {[%emt 00:00:02]} Bb4 {[%clk 00:00:09]} {[%emt
00:00:02]} 84. Be4 {[%clk 00:00:05]} Bc5 {[%clk 00:00:09]} {[%emt 00:00:01]} 85.
Kf7 {[%clk 00:00:05]} Bd4 {[%clk 00:00:09]} {[%emt 00:00:02]} 86. Ke7 {[%clk
00:00:05]} Bc5+ {[%clk 00:00:09]} 87. Kd8 {[%clk 00:00:05]} {[%emt 00:00:03]}
Bd4 {[%clk 00:00:09]} {[%emt 00:00:05]} 88. f7 {[%clk 00:00:05]} {[%emt
00:00:03]} Kg7 {[%clk 00:00:09]} 89. Ke8 {[%clk 00:00:05]} Bc5 {[%clk
00:00:09]} 90. Bd5 {[%clk 00:00:05]} {[%emt 00:00:05]} Bb4 {[%clk 00:00:09]}
{[%emt 00:00:01]} 1/2-1/2

[Event "2023 National K-12 Grade Championships"]
[Site "Orlando, Florida, United States"]
[Date "2023.12.16"]
[Round "4.8"]
[White "Vinod, Aarush"]
[Black "Bhandari, Krish"]
[Result "1-0"]
[TimeControl "G/90;d10"]
[WhiteElo "2210"]
[BlackElo "2087"]

1. e4 {[%clk 01:30:00]} {[%emt 00:00:02]} e5 {[%clk 01:30:00]} {[%emt
00:00:05]} 2. Bc4 {[%clk 01:27:58]} {[%emt 00:02:13]} Nf6 {[%clk 01:29:42]}
{[%emt 00:00:28]} 3. d3 {[%clk 01:27:58]} {[%emt 00:00:04]} c6 {[%clk
01:29:31]} {[%emt 00:00:21]} 4. Nf3 {[%clk 01:27:58]} {[%emt 00:00:04]} d5
{[%clk 01:28:44]} {[%emt 00:00:56]} 5. Bb3 {[%clk 01:27:42]} {[%emt 00:00:27]}
Bd6 {[%clk 01:28:24]} {[%emt 00:00:30]} 6. Nc3 {[%clk 01:27:36]} {[%emt
00:00:16]} Bc7 {[%clk 01:24:37]} {[%emt 00:03:57]} 7. O-O {[%clk 01:26:08]}
{[%emt 00:01:38]} O-O {[%clk 01:24:28]} {[%emt 00:00:19]} 8. exd5 {[%clk
01:23:11]} {[%emt 00:03:08]} Bg4 {[%clk 01:17:06]} {[%emt 00:07:31]} 9. h3
{[%clk 01:09:41]} {[%emt 00:13:40]} Bh5 {[%clk 01:15:44]} {[%emt 00:01:31]} 10.
Bg5 {[%clk 01:01:27]} {[%emt 00:08:26]} h6 {[%clk 01:13:09]} {[%emt 00:02:44]}
11. Bxf6 {[%clk 01:01:19]} {[%emt 00:00:19]} Qxf6 {[%clk 01:13:02]} {[%emt
00:00:16]} 12. Ne4 {[%clk 00:50:10]} {[%emt 00:11:19]} Qd8 {[%clk 01:11:33]}
{[%emt 00:01:39]} 13. Ng3 {[%clk 00:49:14]} {[%emt 00:01:06]} Bg6 {[%clk
01:10:58]} {[%emt 00:00:42]} 14. Re1 {[%clk 00:42:30]} {[%emt 00:06:57]} Re8
{[%clk 01:05:51]} {[%emt 00:05:17]} 15. d4 {[%clk 00:39:20]} {[%emt 00:03:21]}
e4 {[%clk 01:00:31]} {[%emt 00:05:28]} 16. Ne5 {[%clk 00:35:53]} {[%emt
00:03:37]} Bxe5 {[%clk 00:54:49]} {[%emt 00:05:53]} 17. dxe5 {[%clk 00:35:53]}
{[%emt 00:00:07]} Rxe5 {[%clk 00:54:49]} {[%emt 00:00:07]} 18. f4 {[%clk
00:33:48]} {[%emt 00:02:15]} Re8 {[%clk 00:48:09]} {[%emt 00:06:48]} 19. f5
{[%clk 00:32:32]} {[%emt 00:01:27]} Bh7 {[%clk 00:48:09]} {[%emt 00:00:05]} 20.
d6 {[%clk 00:31:50]} {[%emt 00:00:53]} Nd7 {[%clk 00:44:38]} {[%emt 00:03:41]}
21. Qg4 {[%clk 00:21:13]} {[%emt 00:10:47]} Nf6 {[%clk 00:36:17]} {[%emt
00:08:27]} 22. Qf4 {[%clk 00:21:08]} {[%emt 00:00:18]} Qd7 {[%clk 00:36:03]}
{[%emt 00:00:22]} 23. Rad1 {[%clk 00:19:22]} {[%emt 00:01:59]} Rad8 {[%clk
00:35:41]} {[%emt 00:00:31]} 24. c4 {[%clk 00:16:21]} {[%emt 00:03:11]} c5
{[%clk 00:27:06]} {[%emt 00:08:45]} 25. Bc2 {[%clk 00:16:03]} {[%emt 00:00:29]}
e3 {[%clk 00:25:29]} {[%emt 00:01:46]} 26. Rxe3 {[%clk 00:15:56]} {[%emt
00:00:18]} b6 {[%clk 00:24:06]} {[%emt 00:01:34]} 27. Rxe8+ {[%clk 00:14:38]}
{[%emt 00:01:27]} Nxe8 {[%clk 00:21:45]} {[%emt 00:02:31]} 28. Nh5 {[%clk
00:12:20]} {[%emt 00:02:29]} f6 {[%clk 00:16:29]} {[%emt 00:05:25]} 29. Qg4
{[%clk 00:12:20]} {[%emt 00:00:05]} Kf8 {[%clk 00:16:04]} {[%emt 00:00:34]} 30.
Nf4 {[%clk 00:12:15]} {[%emt 00:00:16]} 1-0

[Event "2023 National K-12 Grade Championships"]
[Site "Orlando, Florida, United States"]
[Date "2023.12.16"]
[Round "4.9"]
[White "Ngo, Bach"]
[Black "Nicholson, Ian"]
[Result "1/2-1/2"]
[TimeControl "G/90;d10"]
[WhiteElo "2446"]
[BlackElo "2079"]

1. e4 {[%clk 01:30:00]} {[%emt 00:00:02]} e5 {[%clk 01:30:00]} {[%emt
00:00:06]} 2. Nf3 {[%clk 01:30:00]} {[%emt 00:00:04]} Nc6 {[%clk 01:30:00]}
{[%emt 00:00:04]} 3. Bb5 {[%clk 01:30:00]} {[%emt 00:00:04]} a6 {[%clk
01:30:00]} {[%emt 00:00:04]} 4. Ba4 {[%clk 01:30:00]} {[%emt 00:00:04]} Nf6
{[%clk 01:30:00]} {[%emt 00:00:04]} 5. Nc3 {[%clk 01:30:00]} {[%emt 00:00:09]}
Bb4 {[%clk 01:14:46]} {[%emt 00:15:24]} 6. O-O {[%clk 01:25:40]} {[%emt
00:04:31]} O-O {[%clk 01:11:41]} {[%emt 00:03:15]} 7. Nd5 {[%clk 01:23:26]}
{[%emt 00:02:24]} Bd6 {[%clk 01:09:34]} {[%emt 00:02:16]} 8. d4 {[%clk
01:15:04]} {[%emt 00:08:33]} Nxe4 {[%clk 01:05:57]} {[%emt 00:03:46]} 9. Re1
{[%clk 01:13:39]} {[%emt 00:01:35]} f5 {[%clk 01:04:48]} {[%emt 00:01:19]} 10.
Bb3 {[%clk 01:11:46]} {[%emt 00:02:03]} Kh8 {[%clk 01:04:07]} {[%emt 00:00:50]}
11. dxe5 {[%clk 01:10:36]} {[%emt 00:01:22]} Nxe5 {[%clk 01:03:10]} {[%emt
00:01:07]} 12. Bf4 {[%clk 00:59:48]} {[%emt 00:10:58]} Nxf3+ {[%clk 01:01:24]}
{[%emt 00:01:55]} 13. Qxf3 {[%clk 00:59:48]} {[%emt 00:00:06]} Bxf4 {[%clk
01:01:24]} {[%emt 00:00:10]} 14. Qxf4 {[%clk 00:57:03]} {[%emt 00:02:56]} c6
{[%clk 00:56:18]} {[%emt 00:05:15]} 15. Ne3 {[%clk 00:50:53]} {[%emt 00:06:21]}
d5 {[%clk 00:55:42]} {[%emt 00:00:45]} 16. Rad1 {[%clk 00:50:19]} {[%emt
00:00:45]} Qf6 {[%clk 00:55:34]} {[%emt 00:00:17]} 17. Bxd5 {[%clk 00:38:55]}
{[%emt 00:11:35]} g5 {[%clk 00:47:46]} {[%emt 00:07:58]} 18. Qc7 {[%clk
00:38:48]} {[%emt 00:00:17]} cxd5 {[%clk 00:41:37]} {[%emt 00:06:19]} 19. Nxd5
{[%clk 00:38:48]} {[%emt 00:00:05]} Qg7 {[%clk 00:28:56]} {[%emt 00:12:52]} 20.
f3 {[%clk 00:37:48]} {[%emt 00:01:10]} Rf7 {[%clk 00:26:50]} {[%emt 00:02:15]}
1/2-1/2